Salt water disposal : East Texas field.

Bibliographic Details
Corporate Author: East Texas Salt Water Disposal Company
Format: Book
Language:English
Published: Austin : Petroleum Extension Service, University of Texas, Division of Extension, [1953]
Edition:[1st ed.].
Subjects:

MARC

Tag First Indicator Second Indicator Subfields
LEADER 00000cam a2200000 4500
001 in00000095300
005 20150927150045.0
008 741216s1953 eng u
010 |a  54062066  
035 |a (OCoLC)01112904 
035 |9 AAL7183AM 
040 |c ISM  |d TXA  |d UtOrBLW 
049 |a TXAM  |c 1 [1234331]  |c 2 [1234332] 
050 0 0 |a TN871  |b .E33 
082 0 |a 622.338 
110 2 |a East Texas Salt Water Disposal Company. 
245 1 0 |a Salt water disposal :  |b East Texas field. 
250 |a [1st ed.]. 
264 1 |a Austin :  |b Petroleum Extension Service, University of Texas, Division of Extension,  |c [1953] 
300 |a 116 pages :  |b illustrations, forms, tables. ;  |c 28 cm. 
336 |a text  |b txt  |2 rdacontent 
337 |a unmediated  |b n  |2 rdamedia 
338 |a volume  |b nc  |2 rdacarrier 
504 |a Includes bibliographies. 
650 0 |a Petroleum engineering. 
999 |a MARS 
999 f f |s 38b43055-6512-3b8d-b8e6-1b2408cd78d4  |i 4e82bddb-7934-3f7a-8346-0d703376fe7e  |t 0 
952 f f |p ric  |a Texas A&M University  |b Rellis Campus  |c Joint Library Facility  |s JLF  |d Remote Storage  |t 0  |e TN871 .E33  |h Library of Congress classification  |i unmediated -- volume  |m A14805587541 
998 f f |a TN871 .E33  |t 0  |l Remote Storage